000 01195nam a2200337 i 4500
001 768714001
003 CO-MdFUSB
005 20250515191415.0
007 ta
008 200303t1984 -us |||| |||| 00| 0 eng d
020 _a0880700645
040 _aCO-MdFUSB
_bspa
_cCO-MdFUSB
_dCO-MdFUSBC
_erda
041 _aeng
082 _223
_a248.2
_bED25r
100 _aEdwards, Jonathan.
_eautor
245 1 _aReligious affections :
_bhow man's will affects his character before God
_c/ Jonathan Edwards ; Introduccion por Charles W. Colson
264 1 _aEstados Unidos :
_bMultnomah Press,
_c[1984]
264 4 _c© 1984
300 _a226 páginas
_c; 21 cm
336 _2rdacontent
_atexto
_btxt
337 _2rdamedia
_asin mediación
_bn
338 _2rdacarrier
_avolumen
_bnc
490 _aClassics of faith and devotion.
505 _aLa naturaleza e importancia de los afectos.. -- Cómo pueden apreciarse falsamente los afectos religiosos. El distintivo canta de afectos verdaderamente graciosos y santos
563 _aRústico
650 0 _919
_aVida cristiana
700 _92972
_a Colson, Charles W.
_eIntroductor
942 _cBK
945 _aJTF-925
999 _c65421
_d65421